000 00693nam a2200265Ia 4500
003 OSt
005 20220912150945.0
006 a|||||r|||| 00| 0
007 ta
008 220909b |||||||| |||| 00| 0 eng d
024 _a48028
037 _cTextual
040 _aCSL
_beng
_cCSL
041 _aeng
082 _aH421, M0
100 _aKato S
245 0 _aDynamics of the upper atmosphere
260 _aJapan
_bCentre for Academic Publications
_c1980
300 _axi, 233p.
_ccm.
490 _aDevelopments in earth and plantary sciences; 1
650 _a Glaciology
650 _aGeology
942 _hH421, M0
_cTEXL
_2CC
999 _c58137
_d58137